| 000 | 01167nam a2200253 a 4500 | ||
|---|---|---|---|
| 001 | 13446 | ||
| 003 | BD-JhCC | ||
| 005 | 20230924121121.0 | ||
| 008 | 230720s2020 bg |||| |||| 000 0 eng d | ||
| 035 | _a(BD-JhCC)13446 | ||
| 040 |
_aBD-JhCC _dBD-JhCC |
||
| 041 | _abengali | ||
| 082 |
_a297.18 _bMIN 2020 |
||
| 100 | _aমিনশাবি, মাওলানা মুহাম্মাদ সিদ্দিক | ||
| 245 |
_aগল্পে গল্পে হযরত উমর ফারুক রাহিয়াল্লাহু আনাহুর ১০০ ঘটনা / _cমাওলানা মুহাম্মাদ সিদ্দিক মিনশাবি, মাওলানা ওমর ফারুক (অনু.) |
||
| 260 |
_aঢাকা : _bমাকতাবাতুল হিজায; _c২০২০. |
||
| 300 |
_a১১২ পৃ. : _c২১ সেমি. |
||
| 504 | _aগ্রন্থপঞ্জি সংযোজিত। | ||
| 600 | _aHazrat Abdullah Ibn Abbas Ra. | ||
| 650 | _aMuslim legend | ||
| 650 | _ajuvenile literature | ||
| 700 | _aফারুক, মাওলানা ওমর | ||
| 942 |
_2ddc _cBK |
||
| 999 |
_c13446 _d13446 |
||